000 01054ngm a22002770a 4500
001 PT15528
003 AR-LpoUNG
005 20210202000157.0
007 vd cvaizq
008 191001s1989||||ag |||||||||||||||||eng d
037 _c$6.6
040 _aAR-LpoUNG
_bspa
_cAR-LpoUNG
_eaacr
041 _aeng
_aspa
044 _aag
082 0 _a232.4 668jes
100 1 _aAcand, Denys
_edir.
245 1 0 _aJesús de Montreal
260 _aBuenos Aires :
_bSuper Video,
_c1989.
300 _aVHS (114 min.) : son., col.
505 0 _aDiálogos en inglés, subtítulos en castellano
520 _aUn sacerdote solicita a un grupo de actores jóvenes un montaje teatral sobre la Pasión de Cristo. Poco a poco los intérpretes - y especialmente el director de la obra- comenzarán a ver cómo sus vidas cambian sin que entiendan a cabalidad qué está sucediendo. Paralelamente a eso, crece la oposición de la Iglesia a la lectura que están haciendo de la historia.
650 4 _aRELIGION
653 _aVIDEOS
905 _a15528
942 _cVIDEO
999 _c54259
_d54259